Funciones reales /
Guardado en:
| Autor Principal: | |
|---|---|
| Formato: | Libro |
| Idioma: | Spanish |
| Publicado: |
[Bahía Blanca] :
U.N.S.,
1958.
|
| Edición: | Redacción provisional |
| Etiquetas: |
Agregar Etiqueta
Sin Etiquetas, Sea el primero en etiquetar este registro!
|
| LEADER | 00607nam a22001695a 4500 | ||
|---|---|---|---|
| 001 | MAT.inmabb000696 | ||
| 008 | 031118s1958####ag############000#0#spa#d | ||
| 005 | 20170803123942.0 | ||
| 245 | 1 | 0 | |a Funciones reales / |c notas del curso dictado por el Profesor Ruy Luis Gomez [i.e. Gomes]. |
| 250 | |a Redacción provisional | ||
| 260 | |a [Bahía Blanca] : |b U.N.S., |c 1958. | ||
| 300 | |a iv, 270 h. ; |c 28 cm. | ||
| 100 | 1 | |a Gomes, Ruy Luis. | |
| 084 | |a 54-XX |a 30-XX |a 28-XX |2 msc2000 | ||
| 859 | |h 54 |i G633 |p A-499 |b BIB. MATEMATICA | ||
| 859 | |h 54 |i G633 |p A-500 |t Ej. 2 |b BIB. MATEMATICA | ||
| 859 | |h 54 |i G633 |p A-501 |t Ej. 3 |b BIB. MATEMATICA | ||
